000 01242cam a22003617a 4500
003 CHAP
005 20220329142427.0
008 010118d1999 us r 00110 eng d
010 _a83280
011 _a84252
020 _a1560228784
035 _a94771
040 _cCHAP
082 0 4 _a631.41
_bW6
100 0 0 _aWolf, Benjamin.
_9122419
245 1 4 _aThe fertile triangle :
_bthe interrelationship of air, water, and nutrients in maximizing soil productivity
_c/by Benjamin Wolf
260 _aNew York :
_bFood Products Press
_cc.1999.
300 _a463 p. :
_bilus. ; gráfs.
590 _aBATCH-UPD
_b10
_c20130109
_lUCH01
_h2332
590 _aBATCH-UPD
_b10
_c20130110
_lUCH01
_h1530
590 _aBATCH-UPD
_b10
_c20130410
_lUCH01
_h0937
590 _aBATCH-UPD
_b10
_c20130914
_lUCH01
_h2035
590 _aCONVERSION
_b10
_c20130109
_lUCH01
_h1346
650 1 4 _aSuelos
_xAnálisis.
_9110204
650 1 4 _aSuelos
_xComposición.
_9110280
650 1 4 _aSuelos
_xElementos minerales.
_9110356
650 1 4 _aSuelos
_xFertilidad.
_9110367
650 1 4 _aSuelos
_xHumedad.
_9110391
901 _aBK
905 _aPatricia Mendoza P.
942 _cLIBRO
949 _a631.41 W6
_bBC
_cLIBRO
_d33724000942371
_eLIBRO
_g208937
_h98933
_i94771
_si
_t$ 1459.52
999 _c83280
_d83280